=LDR 00000nam 2200000 4500 =001 INLIS000000000002567 =005 20130612090908 =008 ***********************************Ind** =035 ##$$0010-061300000002567 =041 ##$$a Ind =082 ##$$a 616.31 =090 ##$$a 616.31, Gay p =100 ##$$a Gayford,J.J =245 ##$$a Penyakit mulut, J.J.Gayford; Alih bahasa, Lilian Yuwono =260 ##$$a 1991 $b Jakarta =300 ##$$a xv,306 hlm, ilus, 21 cm =650 ##$$a Mulut =650 ##$$a Penyakit =700 ##$$a Yuwono, Lilian =850 ##$$a NBPNMAT =990 ##$$a 21601402/BPAP-NTB/2017